Realizačný projekt zdroja tepla pre študentský domov

Enregistré dans:
Détails bibliographiques
Auteur principal: Dudák, Štefan (Auteur)
Autres auteurs: Koudelková, Daniela (Directeur de thèse)
Format: Manuscrit Livre
Langue:slovaque
Publié: 2020
Sujets:
Accès en ligne:http://is.stuba.sk/zp/portal_zp.pl?podrobnosti=145348
https://opac.crzp.sk/?fn=detailBiblioForm&sid=F0D9EA643ED4040314E8161BE0B8
Tags: Ajouter un tag
Pas de tags, Soyez le premier à ajouter un tag!

MARC

LEADER 00000ntm a22000003a 4500
001 stuzp73169
003 SK-STU
005 20230516142750.1
007 ta
008 150427s2015----xo-----f-mn---000-0-slo-d
040 |a STU  |b slo 
041 0 |a slo 
100 1 |a Dudák, Štefan  |u 010290  |4 aut  |U SvF Stavebná fakulta  |T SvF Katedra technických zariadení budov  |X 63315  |U V290  |Y 31  |7 63315 
242 0 1 |a Design source of heat for the Student Home  |y eng 
245 1 0 |a Realizačný projekt zdroja tepla pre študentský domov 
260 |c 2020 
650 4 |a vykurovanie  |2 slo 
650 4 |a chladenie  |2 slo 
650 4 |a energetická bilancia budovy  |2 slo 
650 4 |a tepelné čerpadlá  |2 slo 
650 4 |a heating  |2 eng 
650 4 |a cooling  |2 eng 
650 4 |a heat pumps  |2 eng 
650 4 |a energetic bilance of building  |2 eng 
700 1 |a Koudelková, Daniela  |u 010290  |k Z1  |4 ths  |U SvF Stavebná fakulta  |T SvF Katedra technických zariadení budov  |X 793  |U V290  |Y 31  |7 A000000793 
856 4 |u http://is.stuba.sk/zp/portal_zp.pl?podrobnosti=145348 
856 4 |u https://opac.crzp.sk/?fn=detailBiblioForm&sid=F0D9EA643ED4040314E8161BE0B8